000 00593nam a2200205Ia 4500
005 20250508163920.0
008 008 250505s9999 xx 000 0 eng d
020 _a81-86962-46-8
037 _aTextBook
040 _aFEDL
_beng
_cFEDL
041 _aeng
_2eng
084 _a370.193, PAT/R
_qFEDL
100 _aPathak Avijit
245 0 _aSocial implications of schooling: Knowledge, pedagogy and consciousness
260 _aDelhi, India
_bRainbow Publishers
_c2002
300 _a260p
365 _aINR
_b325
942 _cTB
_h370.193, PAT/R
999 _c1385947
_d1385947